00848nam a2200193 a 4500003000200000005001700002008004100019050002800060100002700088245014600115260009200261300004000353504004100393650005900434650004500493650003900538650003200577650004500609020250517111839.0021128s19uu xx 00 eng d aPGS LB 1060b.R345 2001 aRehman, Queenierich A. aThe nature of the profile of the phone pal conversations of the grade 6 students of Southville International School /cQueenierich A. Rehman. aLas Piñas City, Philippines : bSouthville International School and Colleges,c2001. a27 pages :billustrations ;c28 cm. aIncludes bibliographical references. aOral communicationvStudy and teaching (Elementary).  aInterpersonal communication in children. aTelephone conversationsvJuvenile. aLanguage arts (Elementary). aCommunicationvSocial aspectsvChildren.